Statistiche per Bandiere di Nazioni con più Nero

Clicka qui per fare il quiz!

Statistiche generali

  • Questo quiz è stato fatto 2.249 volte
  • Il punteggio medio è 12 su 14

Statistiche sulle risposte

Risposta% Corretto
Belgio
99%
Germania
99%
Egitto
97%
Estonia
97%
Giamaica
96%
Iraq
93%
Kenya
92%
Siria
89%
Angola
88%
Uganda
85%
Libia
80%
Papua Nuova Guinea
78%
Yemen
77%
Tanzania
74%

Distribuzione punteggi

Percentile per numero di risposta

Percentuale di utenti per punteggio

I tuoi punteggi nel tempo

Non hai fatto questo quiz